[Event "ch-HUN Women"]
[Site "Budapest HUN"]
[Date "2001.09.21"]
[EventDate "2001.09.21"]
[Round "1"]
[Result "1-0"]
[White "Yelena Dembo"]
[Black "Lili Toth"]
[WhiteElo "2391"]
[BlackElo "2184"]
[PlyCount "115"]

1. e4 e6 2. d4 d5 3. Nd2 Nf6 4. e5 Nfd7 5. Bd3 c5 6. c3 Nc6
7. Ngf3 Qb6 8. O-O g6 9. Re1 Bg7 10. dxc5 Qc7 11. Nf1 Ndxe5
12. Bf4 O-O 13. Nd4 f6 14. Qe2 Bd7 15. b4 a5 16. a3 axb4
17. axb4 Rxa1 18. Rxa1 Qc8 19. Nxc6 Qxc6 20. Bc2 Nf7 21. Ra7
e5 22. Bd2 Nd8 23. Ne3 Be6 24. Ba4 Qc8 25. Bb3 Nc6 26. Ra1 Rd8
27. Nc2 Bf8 28. Be3 Ne7 29. f3 Nc6 30. Bf2 Ne7 31. Re1 g5
32. g3 Ng6 33. Ra1 Ne7 34. Rc1 Ng6 35. Re1 Kh8 36. Ba4 Qa8
37. Ra1 Qc8 38. Bb5 g4 39. Re1 gxf3 40. Qxf3 Be7 41. Bf1 Bf5
42. Ne3 Be4 43. Qh5 Rg8 44. Bh3 Qc6 45. Bf5 Bxf5 46. Nxf5 Bf8
47. Be3 Qd7 48. Rf1 Bg7 49. Nxg7 Qxg7 50. Qf3 Rd8 51. Qxf6
Qxf6 52. Rxf6 Kg7 53. Rb6 Rd7 54. b5 Ne7 55. Rd6 Rc7 56. b6
Rc8 57. Rd7 Kf6 58. Rxb7 1-0

[Event "ch-HUN Women"]
[Site "Budapest HUN"]
[Date "2001.09.22"]
[EventDate "2001.09.21"]
[Round "2"]
[Result "1-0"]
[White "Melinda Goczo"]
[Black "Yelena Dembo"]
[WhiteElo "2158"]
[BlackElo "2391"]
[PlyCount "121"]

1. d4 Nf6 2. Nf3 g6 3. Nbd2 d5 4. c4 c6 5. e3 Bg7 6. Bd3 O-O
7. O-O dxc4 8. Nxc4 Na6 9. b3 Nb4 10. Be2 Bf5 11. a3 Nbd5
12. Bb2 Qc7 13. Rc1 Rad8 14. b4 Qb8 15. Re1 Bh6 16. Bf1 Bc8
17. Ncd2 Ng4 18. h3 Ngf6 19. Rc2 Bg7 20. Qa1 Nd7 21. e4 Nf4
22. g3 Nh5 23. Bg2 Rfe8 24. Nc4 Nb6 25. Ncd2 Na4 26. Bc1 Qc7
27. Nc4 Be6 28. Be3 Qc8 29. Kh2 Nf6 30. Nfd2 Nd7 31. Qc1 Bxc4
32. Nxc4 Ndb6 33. Nxb6 axb6 34. d5 c5 35. bxc5 Nxc5 36. Bxc5
bxc5 37. Rxc5 Qb8 38. Re2 Rc8 39. Rec2 Rxc5 40. Rxc5 Bd4
41. Rc2 Qa7 42. Qd2 Bc5 43. a4 Bd6 44. Rc4 Qb6 45. Qc2 Qa5
46. Bf1 Ra8 47. Bd3 b6 48. Qe2 Rd8 49. e5 Bb8 50. Qe4 Kg7
51. Rd4 Qc3 52. Kg2 Qc7 53. f4 Qc3 54. Be2 Qe1 55. Bf3 Qc3
56. Qd3 Qc7 57. Qc4 Qa7 58. Qb5 f6 59. d6 Qd7 60. Qxd7 Rxd7
61. Bc6 1-0

[Event "ch-HUN Women"]
[Site "Budapest HUN"]
[Date "2001.09.23"]
[EventDate "2001.09.21"]
[Round "3"]
[Result "1/2-1/2"]
[White "Yelena Dembo"]
[Black "Nikoletta Lakos"]
[WhiteElo "2391"]
[BlackElo "2339"]
[PlyCount "67"]

1. e4 c5 2. Nf3 Nc6 3. d4 cxd4 4. Nxd4 Qc7 5. Nc3 e6 6. Be3 a6
7. Bd3 Nf6 8. O-O Ne5 9. h3 Bc5 10. Kh1 d6 11. f4 Ng6 12. Qf3
O-O 13. Nb3 Bxe3 14. Qxe3 b5 15. a3 Bb7 16. Rae1 Rac8 17. Rf2
e5 18. fxe5 dxe5 19. Ref1 Qe7 20. Ne2 Nh5 21. Kh2 Nhf4 22. g3
Nxd3 23. cxd3 Qd6 24. Nc3 Rc7 25. Rd2 b4 26. axb4 Qxb4 27. Nc1
Rd8 28. N1e2 Rcd7 29. Ra1 Nf8 30. Ra4 Qb3 31. Ra3 Qb4 32. Ra4
Qb3 33. Ra3 Qb4 34. Ra4 1/2-1/2

[Event "ch-HUN Women"]
[Site "Budapest HUN"]
[Date "2001.09.25"]
[EventDate "2001.09.21"]
[Round "5"]
[Result "1-0"]
[White "Julia Horvath"]
[Black "Yelena Dembo"]
[WhiteElo "2294"]
[BlackElo "2391"]
[PlyCount "119"]

1. g3 Nf6 2. Bg2 d5 3. f4 g6 4. Nf3 Bg7 5. O-O O-O 6. d3 c5
7. Nc3 d4 8. Ne4 Qc7 9. h3 Nd5 10. Nh4 f5 11. c4 fxe4 12. cxd5
e3 13. Nf3 h6 14. b4 g5 15. bxc5 gxf4 16. Qb3 Qxc5 17. d6+ e6
18. Ba3 Qb6 19. d7 Nxd7 20. Bxf8 Nxf8 21. gxf4 Qxb3 22. axb3
Ng6 23. Nh2 e5 24. fxe5 Bxe5 25. Bd5+ Kh8 26. Ng4 Bxg4
27. hxg4 Nf4 28. Bf3 a6 29. Ra5 Re8 30. Rc1 Re7 31. Rac5 Kg7
32. Kf1 Kf6 33. Rc8 Ne6 34. Rg8 Ng5 35. Bd5 Rd7 36. Bg2 Rf7
37. Kg1 Bg3 38. Rc5 Be5 39. Rcc8 Ne6 40. Bd5 Rd7 41. Bxe6 Kxe6
42. Rg6+ Kf7 43. Rxh6 Kg7 44. Rh5 Bf6 45. Rhc5 Bd8 46. Kg2 Kg6
47. Kf3 Rf7+ 48. Rf5 Rd7 49. Ke4 Bf6 50. g5 Re7+ 51. Kf4 Bg7
52. Kg4 Be5 53. Rc5 Bg7 54. Rfd5 Kh7 55. Rd6 Be5 56. Rb6 Kg7
57. Kf5 Bb8 58. Rg6+ Kf7 59. Rf6+ Kg7 60. g6 1-0

[Event "ch-HUN Women"]
[Site "Budapest HUN"]
[Date "2001.09.26"]
[EventDate "2001.09.21"]
[Round "6"]
[Result "1/2-1/2"]
[White "Yelena Dembo"]
[Black "Tunde Csonkics"]
[WhiteElo "2391"]
[BlackElo "2227"]
[PlyCount "109"]

1. e4 e5 2. Nf3 Nc6 3. d4 exd4 4. Nxd4 Bc5 5. Be3 Qf6 6. c3
Nge7 7. Bc4 Ne5 8. Be2 Qg6 9. O-O d6 10. Kh1 Qxe4 11. Nd2 Qg6
12. Nb5 O-O 13. Nxc7 Rb8 14. Bh5 Qd3 15. Re1 N7g6 16. Bxg6
Nxg6 17. b4 Bg4 18. Nf3 Qxd1 19. Raxd1 Bxe3 20. Rxe3 Ne5
21. Rd4 Bxf3 22. gxf3 Rbc8 23. Nb5 Nc4 24. Nxd6 Nxe3 25. Nxc8
Nf5 26. Rc4 Rd8 27. Kg2 Rd2 28. Kf1 h5 29. Re4 Rxa2 30. Ne7+
Nxe7 31. Rxe7 b5 32. Re8+ Kh7 33. Re5 a6 34. Rxh5+ Kg6 35. Rc5
f6 36. Kg2 Rd2 37. Rc6 Ra2 38. f4 Ra3 39. Rc5 Ra1 40. Kf3 Rh1
41. Kg3 Rg1+ 42. Kf3 Rh1 43. Kg2 Ra1 44. h3 Ra3 45. f3 Ra2+
46. Kg3 Ra1 47. Kh4 Rg1 48. f5+ Kh6 49. Rc8 Kh7 50. Rc6 Ra1
51. Kg4 Ra4 52. Kg3 a5 53. bxa5 Rxa5 54. Rc5 Ra3 55. Rxb5
1/2-1/2

[Event "ch-HUN Women"]
[Site "Budapest HUN"]
[Date "2001.09.27"]
[EventDate "2001.09.21"]
[Round "7"]
[Result "0-1"]
[White "Olga Adam"]
[Black "Yelena Dembo"]
[WhiteElo "2156"]
[BlackElo "2391"]
[PlyCount "84"]

1. e4 c5 2. Nf3 Nc6 3. d4 cxd4 4. Nxd4 Nf6 5. Nc3 d6 6. Be2 e6
7. Be3 Be7 8. O-O O-O 9. f4 a6 10. Kh1 Qc7 11. Qe1 Nxd4
12. Bxd4 b5 13. a3 Bb7 14. Qg3 Rad8 15. Bd3 Ne8 16. e5 dxe5
17. Bxe5 Bd6 18. Rae1 f5 19. Rf2 Bxe5 20. Rxe5 Rf6 21. Qe3 Qd6
22. Kg1 Nc7 23. Qa7 Ba8 24. Rc5 Rf7 25. Re5 Nd5 26. Qd4 Nxc3
27. Qxc3 Bd5 28. Qa5 Rfd7 29. a4 Bc4 30. axb5 axb5 31. Rd2
Qd4+ 32. Rf2 Ra7 33. Qe1 Rda8 34. Rxe6 Ra1 35. Bxc4 Rxe1+
36. Rxe1+ Qxc4 37. g3 Rd8 38. b3 Qc3 39. Rfe2 h6 40. Kf1 Kh7
41. Kg1 Rd2 42. Kf2 Rxc2 0-1

[Event "FSGM October"]
[Site "Budapest HUN"]
[Date "2001.10.07"]
[EventDate "2001.10.06"]
[Round "2"]
[Result "1-0"]
[White "Koneru Humpy"]
[Black "Yelena Dembo"]
[WhiteElo "2484"]
[BlackElo "2398"]
[PlyCount "127"]

1. d4 Nf6 2. Nf3 g6 3. g3 Bg7 4. Bg2 O-O 5. O-O d5 6. c4 c6
7. cxd5 cxd5 8. Ne5 Ng4 9. f4 Nxe5 10. fxe5 Nc6 11. Nc3 Be6
12. Kh1 f5 13. e3 Qd7 14. Bd2 g5 15. Na4 b6 16. b4 Bh6 17. Rc1
Nd8 18. Qb3 Nf7 19. b5 Rac8 20. Rxc8 Rxc8 21. Rc1 Rc4 22. Nb2
Rxc1+ 23. Bxc1 g4 24. Nd3 Ng5 25. a4 Ne4 26. Qc2 Kf7 27. Nb4
Ke8 28. Kg1 Bg5 29. Kf1 h5 30. Qc6 Qxc6 31. Nxc6 Nc3 32. Ke1
Kd7 33. Nxa7 Kc7 34. Nc6 Bd7 35. Kd2 Ne4+ 36. Bxe4 fxe4
37. Nb4 e6 38. Nc2 h4 39. gxh4 Bxh4 40. Ke2 Be8 41. Kf1 g3
42. hxg3 Bxg3 43. Ke2 Bh5+ 44. Kd2 Bg4 45. Ba3 Bh3 46. Bd6+
Kd7 47. Nb4 Bf1 48. Na6 Kc8 49. Bc7 Kb7 50. Bd8 Bc4 51. Nb4
Bb3 52. a5 bxa5 53. Bxa5 Bh4 54. Na6 Be7 55. Bb4 Bxb4+
56. Nxb4 Bc4 57. Na6 Bxb5 58. Nc5+ Kc6 59. Nxe6 Bc4 60. Nf4
Kd7 61. Ke1 Ke7 62. Kf2 Bb3 63. Kg3 Kf7 64. Kg4 1-0

[Event "FSGM October"]
[Site "Budapest HUN"]
[Date "2001.10.08"]
[EventDate "2001.10.06"]
[Round "3"]
[Result "1/2-1/2"]
[White "Yelena Dembo"]
[Black "Goran M Todorovic"]
[WhiteElo "2398"]
[BlackElo "2517"]
[PlyCount "87"]

1. e4 e5 2. Nf3 Nc6 3. d4 exd4 4. Nxd4 Nf6 5. Nxc6 bxc6 6. e5
Qe7 7. Qe2 Nd5 8. c4 Ba6 9. b3 g6 10. f4 O-O-O 11. Qf2 Qc5
12. Qd2 Nxf4 13. Qxf4 Bg7 14. Bb2 Rhe8 15. Nd2 Bxe5 16. Bxe5
Rxe5+ 17. Kd1 Rf5 18. Qg3 d5 19. Bd3 Rf2 20. Rf1 Rxf1+
21. Bxf1 dxc4 22. Qc3 Qg1 23. Kc2 cxb3+ 24. axb3 Bxf1 25. Nxf1
Qxg2+ 26. Nd2 Qxh2 27. Rxa7 Rd5 28. Ra8+ Kd7 29. Ra6 Rd6
30. Ra4 h5 31. Re4 Qf2 32. Re3 Qf6 33. Qc4 Rd4 34. Qc3 Rd6
35. Qc4 Rd4 36. Qc3 Qf5+ 37. Kb2 Rf4 38. Re5 Qg4 39. Qe3 Rd4
40. Ne4 Qd1 41. Nc5+ Kd6 42. Nb7+ Kd7 43. Nc5+ Kd6 44. Nb7+
1/2-1/2

[Event "FSGM October"]
[Site "Budapest HUN"]
[Date "2001.10.11"]
[EventDate "2001.10.06"]
[Round "6"]
[Result "1/2-1/2"]
[White "Yelena Dembo"]
[Black "Satea Husari"]
[WhiteElo "2398"]
[BlackElo "2369"]
[PlyCount "79"]

1. e4 e5 2. Nf3 Nc6 3. d4 exd4 4. Nxd4 Nf6 5. Nxc6 bxc6 6. e5
Qe7 7. Qe2 Nd5 8. c4 Ba6 9. b3 O-O-O 10. Bb2 Re8 11. g3 f6
12. Bg2 fxe5 13. O-O h5 14. Qd2 Nf6 15. Qa5 Bb7 16. Ba3 Qe6
17. Bxf8 Rexf8 18. Qxa7 h4 19. Nc3 Ng4 20. h3 Qh6 21. Ne4 hxg3
22. Nxg3 Nf6 23. a4 e4 24. a5 c5 25. a6 Bc6 26. Qxc5 Qf4
27. a7 Ba8 28. Rae1 Re8 29. Qb5 d6 30. Re3 Qe5 31. Qxe5 Rxe5
32. Rfe1 Ra5 33. Nxe4 Nxe4 34. Bxe4 Bxe4 35. Rxe4 Rxh3 36. Kg2
Rhh5 37. Rg4 g5 38. Re8+ Kb7 39. Re7 Rxa7 40. Rg7 1/2-1/2

[Event "FSGM October"]
[Site "Budapest HUN"]
[Date "2001.10.12"]
[EventDate "2001.10.06"]
[Round "7"]
[Result "1-0"]
[White "Sandor Biro"]
[Black "Yelena Dembo"]
[WhiteElo "2360"]
[BlackElo "2398"]
[PlyCount "97"]

1. e4 c5 2. Nf3 Nc6 3. c3 e5 4. Bc4 d6 5. d3 Be7 6. O-O Nf6
7. a3 O-O 8. b4 a6 9. Re1 Qc7 10. Nbd2 b5 11. Ba2 Rb8 12. Nf1
Be6 13. Ne3 Nd8 14. bxc5 Qxc5 15. d4 Qc7 16. Nd5 Nxd5 17. exd5
Bg4 18. Qd3 Bxf3 19. Qxf3 Nb7 20. Bd2 Na5 21. dxe5 dxe5
22. Re4 Bd6 23. Qe2 Nb7 24. f4 exf4 25. Rf1 Nc5 26. Rexf4 Rbe8
27. Qf3 Bxf4 28. Bxf4 Qd7 29. d6 Ne6 30. Bg3 Rc8 31. Be5 Qd8
32. Qg4 Qg5 33. Bxe6 Qxe5 34. Bxc8 Qc5+ 35. Kh1 Qxc8 36. d7
Qxc3 37. Qe4 Qd2 38. Qe7 g6 39. h3 Qd5 40. Re1 Qd2 41. Qxf8+
Kxf8 42. Re8+ Kg7 43. d8=Q Qc1+ 44. Kh2 Qf4+ 45. Kg1 Qc1+
46. Kf2 Qb2+ 47. Re2 Qxa3 48. Qd4+ f6 49. Qa7+ 1-0

[Event "FSGM October"]
[Site "Budapest HUN"]
[Date "2001.10.14"]
[EventDate "2001.10.06"]
[Round "9"]
[Result "1/2-1/2"]
[White "Hoang Thanh Trang"]
[Black "Yelena Dembo"]
[WhiteElo "2439"]
[BlackElo "2398"]
[PlyCount "28"]

1. d4 Nf6 2. c4 g6 3. Nc3 Bg7 4. e4 d6 5. Be2 O-O 6. Bg5 c5
7. d5 h6 8. Be3 e6 9. h3 exd5 10. exd5 Re8 11. Nf3 Bf5 12. Bd3
Ne4 13. Nxe4 Bxe4 14. O-O Nd7 1/2-1/2

[Event "FSGM October"]
[Site "Budapest HUN"]
[Date "2001.10.15"]
[EventDate "2001.10.06"]
[Round "10"]
[Result "1-0"]
[White "Yelena Dembo"]
[Black "Peter Szendro Horvath"]
[WhiteElo "2398"]
[BlackElo "2441"]
[PlyCount "225"]

1. e4 c5 2. Nf3 Nc6 3. d4 cxd4 4. Nxd4 Nf6 5. Nc3 e5 6. Ndb5
d6 7. Bg5 a6 8. Na3 Be6 9. Nc4 Rc8 10. Bxf6 gxf6 11. Ne3 Bh6
12. Bd3 Bxe3 13. fxe3 Qb6 14. Qc1 h5 15. O-O Rh6 16. a3 Ne7
17. Qd2 h4 18. h3 Rg6 19. Kh2 Rg3 20. Rae1 Ng8 21. Qf2 Rc7
22. Ne2 Rg6 23. b3 Rh6 24. Rb1 Qa5 25. a4 Kf8 26. c4 Qb4
27. Rfc1 Ne7 28. Nc3 Kg7 29. Na2 Qb6 30. Nc3 Rg6 31. Rf1 Ng8
32. Bc2 Qb4 33. Na2 Qc5 34. Bd3 Rg3 35. Rbe1 b5 36. axb5 axb5
37. cxb5 Qa3 38. Nc1 Bxb3 39. Ne2 Rg6 40. Qxh4 Ba4 41. b6 Rb7
42. Bc4 Rxb6 43. Ng3 Rb2 44. Nf5+ Kf8 45. Rg1 Be8 46. Qh5 Qb4
47. Qd1 Rd2 48. Qc1 Ne7 49. Nxe7 Kxe7 50. Rd1 Rb2 51. Bd5 Kf8
52. Qc8 Qa4 53. Rc1 Kg7 54. Qd8 Qb5 55. Bc4 Qa4 56. Bd5 Qb5
57. Bc4 Qd7 58. Qxd7 Bxd7 59. Bd5 Rh6 60. Kg3 Be6 61. Rcd1
Rg6+ 62. Kf3 Bd7 63. g4 Rh6 64. Kg3 Rh8 65. Rg2 Rb6 66. Rf2
Be6 67. Rfd2 Rd8 68. h4 Kf8 69. Rc2 Rd7 70. Rc8+ Kg7 71. Rc2
Rb4 72. Kf3 Rb6 73. Rc3 Ra6 74. Rc2 Ra3 75. Rcd2 Ra6 76. Rc2
Kg6 77. Rcd2 Rd8 78. Rd3 Kh6 79. R3d2 Kg7 80. Rd3 Kf8 81. Rc3
Ra7 82. Rcd3 Ke7 83. R3d2 Rad7 84. Bc6 Rc7 85. Bd5 Bc8 86. Ra2
Rg8 87. Rg2 Be6 88. Rd3 Bd7 89. Rd1 Ra7 90. Rc1 Rg7 91. Rd1
Rc7 92. Ra1 Be6 93. Rd1 Rc8 94. Ra1 Rc7 95. Rd1 Bc8 96. Ra1
Bd7 97. Rb1 Bc8 98. Ra1 Rg8 99. Rb1 Rh8 100. Rh2 Be6 101. Rd1
Rg8 102. Rg2 Rg7 103. Rd3 Rc1 104. Ra3 Bd7 105. Ra7 Rf1+
106. Ke2 Rc1 107. Kf3 Kd8 108. Ra8+ Ke7 109. Ra7 Rh7 110. Rh2
Rc8 111. Rb2 Ke8 112. Rbb7 Rd8 113. Rxd7 1-0

[Event "FSGM October"]
[Site "Budapest HUN"]
[Date "2001.10.16"]
[EventDate "2001.10.06"]
[Round "11"]
[Result "1-0"]
[White "Mohamad Naser Al Sayed"]
[Black "Yelena Dembo"]
[WhiteElo "2374"]
[BlackElo "2398"]
[PlyCount "73"]

1. e4 c5 2. Nf3 Nc6 3. d4 cxd4 4. Nxd4 Nf6 5. Nc3 d6 6. Bc4 e6
7. Bb3 a6 8. Be3 Qc7 9. f4 Na5 10. f5 Nc4 11. Bxc4 Qxc4
12. Qf3 Nd7 13. fxe6 fxe6 14. Qh3 Nf6 15. Qg3 Bd7 16. O-O-O
O-O-O 17. e5 dxe5 18. Nf3 Qc7 19. Qxe5 Bb4 20. Qxc7+ Kxc7
21. Bf4+ Kc8 22. Ne5 Be8 23. Nc4 Rxd1+ 24. Rxd1 b5 25. Nd6+
Bxd6 26. Rxd6 Kb7 27. Rxe6 Rg8 28. Re7+ Bd7 29. Be5 Kc6
30. Ne2 Bg4 31. Nd4+ Kd5 32. h3 Bc8 33. c3 h5 34. b3 Ne8
35. Kc2 Nd6 36. Bh2 Kc5 37. b4+ 1-0

[Event "EuTChw"]
[Site "Leon ESP"]
[Date "2001.11.08"]
[EventDate "2001.11.06"]
[Round "3"]
[Result "0-1"]
[White "Zeinab Mamedjarova"]
[Black "Yelena Dembo"]
[WhiteElo "2231"]
[BlackElo "2398"]
[PlyCount "108"]

1. d4 Nf6 2. c4 g6 3. Nc3 Bg7 4. Nf3 O-O 5. g3 d6 6. Bg2 Nc6
7. O-O a6 8. h3 Rb8 9. e4 b5 10. e5 dxe5 11. dxe5 Qxd1
12. Rxd1 Nd7 13. e6 fxe6 14. cxb5 axb5 15. Be3 Nb6 16. Ng5 Nb4
17. Bc5 Na6 18. Bd4 b4 19. Ne2 e5 20. Be3 h6 21. Ne4 Be6
22. b3 Nd5 23. Bc1 Nf6 24. Bb2 Nxe4 25. Bxe4 Bxh3 26. Bxg6 Bg4
27. Bd3 Nc5 28. Bc4+ e6 29. Bc1 Ne4 30. Be3 Rf7 31. Bd3 Nd6
32. Rac1 e4 33. Ba6 Ra8 34. Rc6 Rxa6 35. Rxa6 Bxe2 36. Ra8+
Rf8 37. Rxf8+ Bxf8 38. Rc1 Nb5 39. Rc6 Kf7 40. Bf4 Ke7 41. Kg2
Kd7 42. Ra6 h5 43. Bd2 Bd6 44. Ra4 c5 45. Ra8 Kc6 46. Kh3 Nc7
47. Rc8 c4 48. bxc4 Bxc4 49. Kh4 Be2 50. Kg5 Kd7 51. Rh8 Nd5
52. Kg6 Bc5 53. Be1 Bd4 54. Rh7+ Kd6 0-1

[Event "EuTChw"]
[Site "Leon ESP"]
[Date "2001.11.09"]
[EventDate "2001.11.06"]
[Round "4"]
[Result "1/2-1/2"]
[White "Margarita Voiska"]
[Black "Yelena Dembo"]
[WhiteElo "2280"]
[BlackElo "2398"]
[PlyCount "46"]

1. Nf3 Nf6 2. d4 g6 3. Nc3 d5 4. Bf4 Bg7 5. Qd2 O-O 6. Bh6 Ne4
7. Nxe4 dxe4 8. Bxg7 Kxg7 9. Ne5 Be6 10. e3 c6 11. Nc4 Nd7
12. Be2 Nf6 13. Na5 Qd7 14. b4 b6 15. Nb3 Bg4 16. O-O Bxe2
17. Qxe2 h5 18. h3 Qf5 19. c4 Nh7 20. f3 exf3 21. Rxf3 Qe6
22. Rc1 Rac8 23. Rf4 f5 1/2-1/2

[Event "EuTChw"]
[Site "Leon ESP"]
[Date "2001.11.13"]
[EventDate "2001.11.06"]
[Round "7"]
[Result "1/2-1/2"]
[White "Yelena Dembo"]
[Black "Yudania Hernandez Estevez"]
[WhiteElo "2398"]
[BlackElo "2238"]
[PlyCount "109"]

1. e4 e5 2. Nf3 Nf6 3. Nc3 Bb4 4. Nxe5 O-O 5. Be2 Re8 6. Nd3
Bxc3 7. dxc3 Nxe4 8. Nf4 d6 9. O-O Nd7 10. c4 Ndc5 11. f3 Nf6
12. Rf2 Qe7 13. Bf1 Bd7 14. b3 Qe5 15. Rb1 Bc6 16. Nd3 Nxd3
17. Bxd3 Qe1+ 18. Qxe1 Rxe1+ 19. Rf1 Rae8 20. Bb2 Rxb1
21. Rxb1 Nd7 22. Bc3 Nc5 23. Bf1 Bd7 24. a4 Bf5 25. Rb2 f6
26. Kf2 Kf7 27. a5 Re7 28. Be2 h5 29. Ra2 g5 30. Bd4 b6
31. Be3 Kg6 32. Bd1 Kf7 33. Ke2 Ne6 34. Kd2 Bg6 35. c3 f5
36. b4 f4 37. Bf2 Bf5 38. Bb3 Kf6 39. Ra1 c5 40. axb6 axb6
41. Ra8 Ke5 42. Bc2 Bxc2 43. Kxc2 Rb7 44. Ra1 Rd7 45. Re1+ Kf6
46. Rd1 Ke7 47. h4 g4 48. Rd5 Ra7 49. Kb2 Ra8 50. Rxh5 Rg8
51. Rd5 gxf3 52. gxf3 Rg2 53. Rd2 Rh2 54. Kc2 Rh3 55. Rd3
1/2-1/2

[Event "EuTChw"]
[Site "Leon ESP"]
[Date "2001.11.14"]
[EventDate "2001.11.06"]
[Round "8"]
[Result "1/2-1/2"]
[White "Yelena Dembo"]
[Black "Tanja Tuominen"]
[WhiteElo "2398"]
[BlackElo "2129"]
[PlyCount "69"]

1. e4 e5 2. Nf3 Nf6 3. Nxe5 d6 4. Nf3 Nxe4 5. d4 d5 6. Bd3 Bd6
7. O-O O-O 8. c4 Nf6 9. cxd5 Nxd5 10. Nc3 Nxc3 11. bxc3 Bg4
12. h3 Bh5 13. Rb1 b6 14. Be4 c6 15. Qd3 Bg6 16. Bxg6 hxg6
17. c4 Nd7 18. Bb2 Nf6 19. Rbd1 Qd7 20. Rfe1 Rad8 21. Qc2 Rfe8
22. a4 Rxe1+ 23. Rxe1 Nh5 24. Ne5 Bxe5 25. Rxe5 Nf4 26. Bc3
Ne6 27. d5 cxd5 28. Rxd5 Qc6 29. Rxd8+ Nxd8 30. Qb3 Nb7
31. Qb5 Qxb5 32. cxb5 Nc5 33. a5 Ne4 34. axb6 axb6 35. Bd4
1/2-1/2

[Event "EuTChw"]
[Site "Leon ESP"]
[Date "2001.11.15"]
[EventDate "2001.11.06"]
[Round "9"]
[Result "1/2-1/2"]
[White "Yelena Dembo"]
[Black "Olga Sikorova"]
[WhiteElo "2398"]
[BlackElo "2288"]
[PlyCount "112"]

1. e4 d5 2. exd5 Nf6 3. d4 Nxd5 4. c4 Nb6 5. Nf3 Bg4 6. Be2 e6
7. O-O Nc6 8. Nc3 Be7 9. Be3 Bxf3 10. Bxf3 Nxc4 11. Bxc6+ bxc6
12. Qa4 Nb6 13. Qxc6+ Qd7 14. Qf3 O-O 15. Rfd1 c6 16. Rac1 Nd5
17. Na4 Rab8 18. Rc4 Rb4 19. b3 Rfb8 20. Nb2 Bd6 21. Rdc1 Rxc4
22. Nxc4 h6 23. Qe2 Rb5 24. Nxd6 Qxd6 25. Qc4 Rb6 26. Bd2 Qa3
27. Rc2 Qa6 28. Qxa6 Rxa6 29. Kf1 Kf8 30. Ke2 Ke7 31. Kd3 Kd6
32. a4 Rb6 33. Kc4 Rb7 34. Rc1 Nb6+ 35. Kd3 Nd7 36. Kc4 Nb6+
37. Kd3 Nd5 38. Kc4 a6 39. Rc2 Nb6+ 40. Kd3 Nd5 41. Kc4 f5
42. Rc1 g5 43. Rc2 g4 44. Rc1 h5 45. Rc2 h4 46. Rc1 Rh7
47. Re1 Rf7 48. Kd3 Rb7 49. Kc4 Rh7 50. Kd3 Rf7 51. Rc1 Rb7
52. Kc4 Rh7 53. Re1 h3 54. g3 Rb7 55. Bf4+ Kd7 56. Bd2 Kd6
1/2-1/2

[Event "Olympiad, women"]
[Site "Bled SLO"]
[Date "2002.11.05"]
[EventDate "2002.10.26"]
[Round "10"]
[Result "1/2-1/2"]
[White "Yelena Dembo"]
[Black "Nino Khurtsidze"]
[WhiteElo "2375"]
[BlackElo "2455"]
[PlyCount "99"]

1. e4 c6 2. d4 d5 3. e5 Bf5 4. c3 e6 5. Be3 Nd7 6. Nd2 Qb6
7. Qb3 f6 8. f4 g5 9. Ngf3 gxf4 10. Bxf4 Bh6 11. Qxb6 axb6
12. Bg3 Ne7 13. exf6 Nxf6 14. Be5 Rf8 15. h3 Ne4 16. g4 Bg6
17. Rh2 Kd7 18. h4 Nxd2 19. Nxd2 Bf4 20. Bxf4 Rxf4 21. Be2 c5
22. h5 Bc2 23. Rf2 Raf8 24. Rxf4 Rxf4 25. Rc1 Ba4 26. b3 Bc6
27. Nf3 Kd6 28. Ng5 cxd4 29. Nh3 Re4 30. Ng5 Re3 31. Kd2 Rxc3
32. Rxc3 dxc3+ 33. Kxc3 e5 34. Nxh7 d4+ 35. Kd2 e4 36. Ng5 Ke5
37. h6 Kf6 38. h7 Ng6 39. Nh3 Kg7 40. Ng5 Kf6 41. Nh3 Kg7
42. Ng5 Nf8 43. Bc4 b5 44. Bg8 e3+ 45. Kd3 Bg2 46. b4 b6
47. Bb3 Bf1+ 48. Kxd4 e2 49. Nf3 Nxh7 50. Ke4 1/2-1/2

[Event "ch-HUN w"]
[Site "Budapest HUN"]
[Date "2003.06.21"]
[EventDate "2003.06.21"]
[Round "1"]
[Result "1-0"]
[White "Yelena Dembo"]
[Black "Szidonia Lazarne Vajda"]
[WhiteElo "2402"]
[BlackElo "2403"]
[PlyCount "89"]

1. e4 e5 2. Nf3 Nc6 3. Bb5 a6 4. Ba4 Nf6 5. O-O Be7 6. Re1 b5
7. Bb3 O-O 8. c3 d6 9. h3 Nd7 10. d4 Bf6 11. a4 Bb7 12. Na3
exd4 13. cxd4 Re8 14. axb5 axb5 15. Bf4 b4 16. Nb5 Ba6 17. Bc4
Nb6 18. Bd3 Bxb5 19. Rxa8 Qxa8 20. Bxb5 Rd8 21. Qd2 b3 22. Bg5
Bxg5 23. Qxg5 h6 24. Qe3 Rb8 25. Qc3 Na7 26. Ra1 Qb7 27. Bd3
Nd7 28. e5 d5 29. Nd2 c5 30. dxc5 Qc7 31. Nxb3 Nc6 32. f4 g5
33. Bc2 gxf4 34. Qd3 Nf8 35. Re1 Nb4 36. Qc3 Nxc2 37. Qxc2 Ne6
38. Qc3 Rb5 39. Qd3 Qb7 40. Nd4 Nxd4 41. Qxd4 Rb4 42. Qd2 Rxb2
43. Qxf4 Qc6 44. e6 fxe6 45. Qg3+ 1-0

[Event "ch-HUN w"]
[Site "Budapest HUN"]
[Date "2003.06.22"]
[EventDate "2003.06.21"]
[Round "2"]
[Result "0-1"]
[White "Melinda Goczo"]
[Black "Yelena Dembo"]
[WhiteElo "2194"]
[BlackElo "2402"]
[PlyCount "104"]

1. Nf3 Nf6 2. c4 g6 3. b3 Bg7 4. Bb2 O-O 5. g3 d6 6. d4 e5
7. dxe5 Nfd7 8. Bg2 dxe5 9. Nc3 Nc6 10. Qc1 Re8 11. O-O e4
12. Ng5 f5 13. h4 Nce5 14. Nd5 h6 15. Nh3 c6 16. Ne3 Qf6
17. Nd1 Qf7 18. Qc2 Nf6 19. f3 exf3 20. exf3 Nh5 21. g4 Ng3
22. Rf2 fxg4 23. fxg4 Qe7 24. Ne3 Bxg4 25. Nf4 g5 26. Ng6 Nxg6
27. Nxg4 Nf4 28. Kh2 Ngh5 29. Raf1 Qc7 30. Kg1 Ng3 31. Bxg7
Qxg7 32. Rd1 Rad8 33. Rxd8 Rxd8 34. Kh2 Ngh5 35. c5 Nf6
36. Qc4+ Kh8 37. Ne5 Re8 38. Nf7+ Kh7 39. Bf3 Re7 40. Nd6 Qg6
41. Bd1 Kh8 42. Qd4 Rg7 43. Rd2 Ne6 44. Qc4 gxh4 45. Qf1 Qg5
46. Rf2 Qxc5 47. Rxf6 Qxd6+ 48. Kh1 Qd5+ 49. Bf3 Qe5 50. Rxh6+
Rh7 51. Rg6 Qf5 52. Rg1 Rg7 0-1

[Event "ch-HUN w"]
[Site "Budapest HUN"]
[Date "2003.06.25"]
[EventDate "2003.06.21"]
[Round "5"]
[Result "1-0"]
[White "Yelena Dembo"]
[Black "Nikoletta Lakos"]
[WhiteElo "2402"]
[BlackElo "2342"]
[PlyCount "71"]

1. e4 c5 2. Nf3 e6 3. d3 Nc6 4. g3 g6 5. Bg2 Bg7 6. O-O Nge7
7. c3 e5 8. Be3 d6 9. Nh4 Be6 10. f4 Qd7 11. Nf3 Bg4 12. Nbd2
O-O 13. fxe5 Nxe5 14. Qc2 Rac8 15. Rae1 b6 16. Kh1 h6 17. Bf4
N7c6 18. Ng1 Be6 19. Ndf3 g5 20. Nxe5 Nxe5 21. Bxe5 Bxe5
22. Qd2 Bg7 23. a3 d5 24. e5 d4 25. c4 b5 26. b3 bxc4 27. bxc4
Rb8 28. h4 gxh4 29. gxh4 Qe7 30. Qf4 Rb3 31. Rf3 Kh8 32. Rg3
Rfb8 33. Rf1 Rb1 34. Rff3 Re1 35. Rxg7 Kxg7 36. Qg3+ 1-0

[Event "ch-HUN w"]
[Site "Budapest HUN"]
[Date "2003.06.27"]
[EventDate "2003.06.21"]
[Round "7"]
[Result "1/2-1/2"]
[White "Yelena Dembo"]
[Black "Lili Toth"]
[WhiteElo "2402"]
[BlackElo "2149"]
[PlyCount "49"]

1. e4 e6 2. d4 d5 3. Nd2 Nf6 4. e5 Nfd7 5. Bd3 c5 6. c3 Nc6
7. Ngf3 Qb6 8. O-O g6 9. dxc5 Qc7 10. Bb5 Bg7 11. c4 O-O
12. cxd5 exd5 13. Nb3 Ndxe5 14. Nxe5 Nxe5 15. Qxd5 Rd8 16. Qe4
Bf5 17. Qf4 Qe7 18. Qe3 Qh4 19. Qf4 Qe7 20. Be3 Bd3 21. Bxd3
Nxd3 22. Qf3 Bxb2 23. Rab1 Bc3 24. Nc1 Nxc5 25. Bxc5 1/2-1/2

[Event "ch-HUN w"]
[Site "Budapest HUN"]
[Date "2003.06.28"]
[EventDate "2003.06.21"]
[Round "8"]
[Result "1-0"]
[White "Yelena Dembo"]
[Black "Anita Gara"]
[WhiteElo "2402"]
[BlackElo "2327"]
[PlyCount "107"]

1. e4 c5 2. Nc3 d6 3. Nge2 e5 4. g3 Bg4 5. Bg2 Qd7 6. Nd5 Nc6
7. O-O Nge7 8. c3 h5 9. f3 Be6 10. f4 f5 11. d4 cxd4 12. cxd4
fxe4 13. Nxe7 Nxe7 14. fxe5 d5 15. Bg5 O-O-O 16. Nf4 Bg4
17. Qb3 Kb8 18. Rac1 Be6 19. Bxe4 h4 20. Nxe6 Qxe6 21. Bg2
hxg3 22. hxg3 Qg4 23. Qe3 Qh5 24. Bh4 g5 25. Qxg5 Qe2 26. Rc3
Qxb2 27. Qe3 Bh6 28. Qd3 Rde8 29. Rb3 Qxa2 30. Rfb1 b6 31. Ra3
Qd2 32. Qxd2 Bxd2 33. Rf1 Nc6 34. Bxd5 Nxd4 35. Bf6 Rh7
36. Be4 Rc7 37. Rd1 Nc2 38. Ra2 Be3+ 39. Kg2 Nb4 40. Re2 Bc5
41. g4 Nc6 42. Bxc6 Rxc6 43. g5 Be7 44. Kf3 a5 45. Rd7 Rc7
46. Rxc7 Kxc7 47. Kf4 a4 48. g6 Kd7 49. Kf5 Rg8 50. g7 Bb4
51. Re4 Bc5 52. Rxa4 b5 53. Rh4 b4 54. Rh8 1-0